| 000 | 01374cam a22003857a 4500 | ||
|---|---|---|---|
| 003 | CHAP | ||
| 005 | 20220329142141.0 | ||
| 008 | 000117d1985 mx r 00110 spa d | ||
| 010 | _a79242 | ||
| 011 | _a80214 | ||
| 035 | _a90661 | ||
| 040 | _cCHAP | ||
| 090 | _aFolleto 15621 | ||
| 100 | 0 | 0 |
_aVelasco Toro, José. _9118445 |
| 245 | 1 | 3 |
_aLa rebelión yaqui ante el avance del capitalismo en Sonora durante el siglo XIX _c/por José Velasco Toro |
| 260 |
_aXalapa, Ver. : _bUniversidad Veracruzana. Instituto de Investigaciones y Estudios Superiores Económico y Social, _c1985. |
||
| 300 | _a31 p. | ||
| 410 |
_aUniversidad Veracruzana. IIESES _v; 2 |
||
| 490 | 0 | _aCuadernos del IIESES | |
| 590 |
_aBATCH-UPD _b10 _c20130110 _lUCH01 _h0717 |
||
| 590 |
_aBATCH-UPD _b10 _c20130110 _lUCH01 _h2359 |
||
| 590 |
_aBATCH-UPD _b10 _c20130410 _lUCH01 _h0402 |
||
| 590 |
_aBATCH-UPD _b10 _c20130914 _lUCH01 _h0844 |
||
| 590 |
_aCONVERSION _b10 _c20130109 _lUCH01 _h1344 |
||
| 650 | 1 | 4 |
_aCapitalismo. _918711 |
| 650 | 1 | 4 |
_aSonora _xHistoria. _9108587 |
| 650 | 1 | 4 |
_aYaquis. _9122990 |
| 810 | 0 | 0 |
_aUniversidad Veracruzana. IIESES _v; 2 _9116586 |
| 830 | 0 | 0 |
_aCuadernos del IIESES _929836 |
| 901 | _aBK | ||
| 905 | _aMayto Villalobos S. | ||
| 942 | _cFOLL | ||
| 949 |
_aFolleto 15621 _bBC _cFOLL _d906611 _eTS1 _i90661 _sb |
||
| 949 |
_aFolleto 15621 _bBC _cFOLL _d906612 _eTS2 _fc.2 _i90661 _si |
||
| 999 |
_c79242 _d79242 |
||